| 000 | 00989cam a22002774a 4500 | ||
|---|---|---|---|
| 001 | 880 | ||
| 005 | 20250825135155.0 | ||
| 020 | _a9780439754217 | ||
| 040 |
_aDLC _cDLC _dDLC _beng |
||
| 050 | 0 | 0 |
_aQL638.9 _bD426 2003 |
| 082 | 0 | 0 |
_a597.3 _221 |
| 100 | 1 |
_aDavies, Nicola, _d1958- |
|
| 245 | 1 | 0 |
_aSurprising sharks / _cNicola Davies ; illustrated by James Croft. |
| 250 | _a1st U.S. ed. | ||
| 260 |
_aCambridge, Mass. : _bScholastic _c2003 |
||
| 300 |
_a29 pages : _bcolor illustrations ; _c26 cm |
||
| 505 | _aR | ||
| 520 | _aIntroduces many different species of sharks, pointing out such characteristics as the small size of the dwarf lantern shark and the physical characteristics and behavior that makes sharks killing machines. | ||
| 521 |
_a710
_bLexile |
||
| 521 |
_aR
_bRax-Plus |
||
| 650 | 0 |
_aSharks _vNon-fiction. |
|
| 650 | 1 | _aSharks. | |
| 700 | 1 |
_aCroft, James _d1970- _eillustrator |
|
| 906 |
_a7 _bcbc _corignew _d1 _eocip _f20 _gy-gencatlg |
||
| 942 |
_2ddc _cBK _n0 |
||
| 999 |
_c880 _d880 |
||